000 00392nam a2200145 a 4500
001 000028755
005 20200930055122.0
008 110412s2002 dr r 000 0 spa d
020 _a9993454117
040 _aDO-SdBNP
_bspa
_cBNPHU
082 _axxx
_bE81u
245 0 1 _aEstilo urgente.
260 _aSanto Domingo :
_bFundación Corripio,
_c2002.
_fEditora Corripio
300 _a26 p. ;
_c22 cm.
999 _c28247
_d28247